The theory of public finance : a study in public economy

Αποθηκεύτηκε σε:
Λεπτομέρειες βιβλιογραφικής εγγραφής
Κύριος συγγραφέας: Musgrave, Richard Abel 1910-
Μορφή: Βιβλίο
Γλώσσα:English
Δημοσίευση: New York : McGraw-Hill, 1959
Θέματα:
Ετικέτες: Προσθήκη ετικέτας
Δεν υπάρχουν, Καταχωρήστε ετικέτα πρώτοι!

MARC

LEADER 00000nam a2200000 i 4500
001 1/66578
008 960617s1959 eng d
035 |l 10029845 
040 |a GR-MY-UA  |b gre  |e aacr 
041 0 |a eng 
082 0 |a 336.73 
100 1 |a Musgrave, Richard Abel  |d 1910- 
245 1 4 |a The theory of public finance :  |b a study in public economy /  |c Richard Musgrave 
260 |a New York :   |b McGraw-Hill,   |c 1959 
300 |a 628 p. 
500 |a Includes index 
650 0 0 |a Finance, Public. 
650 0 0 |a Finance  |z United States. 
852 |a INST  |b CHIOS  |e 19960617  |h 336.73 MUS  |p 005200007861  |q 005200007861  |t BK  |y 0 
909 |a Χ  |b 013337